00696nam a22002057a 450000500170000001000130001702000110003003500130004103700160005404000120007008200150008210000180009724501760011526000400029127000460033130000340037750000200041165000370043165000220046820170124110249.0 aA-408522 c230.00 aA-408522 bCen Lib/Ret aDPLbEN a614.1bPAR aParikh, C.K.  aMedical postmortems in India :b a colour atlas, including text, techniques and principles of analytical toxicology- guidelines for crime investigations /cby C.K. Parikh  aBombay bMedical Publicationsc1985 bBombay a6, Owners court, Colaba e400005 axiii, 184p. :c22cm(Hb)bill. aIncludes index  aForensic pathology -- Technique. aAutopsy -- India.